000 00593nam a22001817a 4500
003 0
005 20231116151743.0
008 231116b xxu||||| |||| 00| 0 eng d
020 _a978-621-04-0126-4
050 _aNX 280
_b.R65 2019
100 _aRoldan, Albert Napoleon
245 _aA course module for art appreciation
_c Albert Napoleon Roldan
260 _aManila
_bRex Book Store, Inc.
_cc2019.
300 _a180 pages :
_billustrations ;
_c25 cm.
504 _aIncludes bibliographical references and index.
650 _aArt appreciation--study and teaching.
942 _2lcc
_cBK
999 _c365604
_d365604